Statistiques concernant Communes Limitrophes de Boulogne-Billancourt

Cliquez ici pour prendre le quiz!

Statistiques générales

  • Ce quiz a été pris 98 fois
  • Le résultat moyen est 4 sur 5

Statistiques - réponses

Communes% Correct
Nord, EstParis
97%
OuestSaint-Cloud
89%
Sud-EstIssy-les-Moulineaux
87%
Sud-OuestSèvres
78%
SudMeudon
77%

Distribution des résultats

Percentile par nombre de réponses

% des personnes avec chaque résultat

Votre développement - résultats

Vous n’avez pas pris ce quiz